[Event "290th YMCA Summer A"]
[Site "Warsaw"]
[Date "2024.07.05"]
[Round "1"]
[White "Malicki, Jan"]
[Black "Korsun, Wadym"]
[Result "1-0"]
[WhiteElo "1863"]
[BlackElo "1781"]
[PlyCount "89"]
[EventDate "2024.07.02"]
[EventType "tourn"]
[EventRounds "2"]
[EventCountry "POL"]
[SourceDate "2024.07.02"]

1. d4 Nf6 2. c4 e6 3. Nf3 d5 4. Nc3 Be7 5. e3 Nbd7 6. Be2 c6 7. O-O O-O 8. b3
b6 9. Bb2 Bb7 10. Rc1 a6 11. Qc2 Rc8 12. Rfd1 Qc7 13. Ne5 Rfd8 14. f4 Qb8 15.
Bf3 Bd6 16. Qe2 Nf8 17. Kh1 Be7 18. Na4 Qa7 19. c5 b5 20. Nb6 Rc7 21. a4 N8d7
22. a5 Qb8 23. g4 Nf8 24. Bc3 Ne8 25. Be1 f5 26. g5 Bc8 27. h4 Nd7 28. Bh5 Nxe5
29. fxe5 Bf8 30. Bg3 Ra7 31. Kg2 Nc7 32. Bf3 Re8 33. Rh1 Na8 34. Rcg1 Bd7 35.
Bf4 Rd8 36. Kf2 Be7 37. h5 Kh8 38. Rg2 Be8 39. Qd2 Bd7 40. Be2 Rg8 41. g6 h6
42. e4 Bf8 43. exf5 exf5 44. e6 Qd8 45. Nxd7 1-0

[Event "290th YMCA Summer A"]
[Site "Warsaw"]
[Date "2024.07.25"]
[Round "1"]
[White "Jaroszuk, Marcin"]
[Black "Sternik, Piotr"]
[Result "1/2-1/2"]
[WhiteElo "1747"]
[BlackElo "1890"]
[PlyCount "34"]
[EventDate "2024.07.02"]
[EventType "tourn"]
[EventRounds "2"]
[EventCountry "POL"]
[SourceDate "2024.07.02"]

1. Nf3 Nf6 2. c4 c5 3. g3 d6 4. d4 g6 5. Bg2 Bg7 6. O-O O-O 7. dxc5 dxc5 8. Nc3
Nc6 9. Be3 Be6 10. Ng5 Bxc4 11. Qa4 Na5 12. Bxc5 Qc7 13. Bb4 Nc6 14. Bxc6 Qxc6
15. Qxc6 bxc6 16. Bxe7 Rfe8 17. Bc5 Nd5 $11 1/2-1/2

[Event "290th YMCA Summer A"]
[Site "Warsaw"]
[Date "2024.07.03"]
[Round "1"]
[White "Flis, Piotr"]
[Black "Kania, Tomasz"]
[Result "1-0"]
[WhiteElo "1941"]
[BlackElo "1844"]
[PlyCount "111"]
[EventDate "2024.07.02"]
[EventType "tourn"]
[EventRounds "2"]
[EventCountry "POL"]
[SourceDate "2024.07.02"]

1. d4 Nf6 2. c4 e6 3. Nc3 Bb4 4. Qc2 O-O 5. e4 d5 6. e5 Ne4 7. Bd3 c5 8. Nf3
cxd4 9. Nxd4 Nd7 10. Bf4 Qh4 11. g3 Qh5 12. h4 Nxe5 13. Be2 Ng4 14. Bxg4 Qxg4
15. f3 Qg6 16. fxe4 e5 17. Bxe5 Re8 18. h5 Qb6 19. O-O-O Rxe5 20. Nxd5 Qh6+ 21.
Kb1 Ba5 22. Nf3 Rxh5 23. Rxh5 Qxh5 24. Qa4 Bg4 25. Qxa5 b6 26. Nf6+ gxf6 27.
Qxh5 Bxh5 28. Rd3 Re8 29. Nd2 Re7 $11 30. Rd4 Kg7 31. b4 Rc7 32. Kc2 Bg4 33.
Kc3 Kg6 34. Rd6 Kg5 35. Kd4 Be6 36. Rd8 f5 37. Rg8+ Kh5 38. exf5 Bxf5 39. Nf3
Rd7+ 40. Ke3 Rd3+ 41. Ke2 Bg6 42. Rxg6 Rxf3 43. Rxb6 Ra3 44. Rb5+ Kg6 45. Ra5
Rc3 46. Rxa7 Rxc4 47. b5 f5 48. a4 Rb4 49. Ra6+ Kg5 50. b6 Kg4 51. a5 Kxg3 52.
Ra7 Rb2+ 53. Kd3 f4 54. Rg7+ Kf2 55. b7 f3 56. a6 1-0

[Event "290th YMCA Summer A"]
[Site "Warsaw"]
[Date "2024.07.23"]
[Round "2"]
[White "Korsun, Wadym"]
[Black "Kania, Tomasz"]
[Result "1/2-1/2"]
[WhiteElo "1781"]
[BlackElo "1844"]
[PlyCount "63"]
[EventDate "2024.07.02"]
[EventType "tourn"]
[EventRounds "2"]
[EventCountry "POL"]
[SourceDate "2024.07.02"]

1. e4 c5 2. Nf3 Nc6 3. d4 cxd4 4. Nxd4 g6 5. c4 Nf6 6. Nc3 d6 7. Be2 Nxd4 8.
Qxd4 Bg7 9. Be3 O-O 10. Qd2 a5 11. O-O a4 12. f3 Qa5 13. Rac1 Be6 14. Nd5 Qxd2
15. Nxe7+ Kh8 16. Bxd2 Rfe8 17. Nd5 Nxd5 18. cxd5 Bxd5 19. Bb5 Re5 20. Bc3 Bxa2
21. Bxe5 Bxe5 22. Rc2 Ra5 23. Be2 b5 24. Rd2 Bf4 25. Rc2 Bb3 26. Rc8+ Kg7 27.
Rb8 Be5 28. Rb1 Ba2 29. Ra1 Bb3 30. Rxb5 Rxb5 31. Bxb5 Bxb2 32. Rxa4 1/2-1/2

[Event "290th YMCA Summer A"]
[Site "Warsaw"]
[Date "2024.07.05"]
[Round "2"]
[White "Sternik, Piotr"]
[Black "Flis, Piotr"]
[Result "1/2-1/2"]
[WhiteElo "1890"]
[BlackElo "1941"]
[PlyCount "106"]
[EventDate "2024.07.02"]
[EventType "tourn"]
[EventRounds "2"]
[EventCountry "POL"]
[SourceDate "2024.07.02"]

1. d4 d5 2. c4 c6 3. Nc3 e6 4. Nf3 f5 5. Ne5 Nf6 6. e3 Bd6 7. f4 O-O 8. Be2 Ne4
9. O-O Nd7 10. Nxe4 fxe4 11. c5 Be7 12. b4 Nxe5 13. fxe5 Rxf1+ 14. Bxf1 b6 15.
Bd2 a5 16. a3 Ba6 17. Qg4 Qd7 18. Bxa6 Rxa6 19. Rf1 axb4 20. Bxb4 bxc5 21. dxc5
Ra8 22. h4 $11 Re8 23. g3 Bd8 24. Bc3 Qe7 25. Bd4 Rf8 26. Rf6 Re8 27. h5 Qd7
28. Rf2 Rf8 29. Rf4 Re8 30. Rf2 Qa7 31. Kh2 Qxa3 32. h6 Qa7 33. hxg7 Qxg7 34.
Qh3 Qg6 35. Ra2 Bg5 36. Ra6 Rd8 37. Ra7 h6 38. Qg4 Kf8 39. Qe2 Qf5 40. Qa6 Qf2+
41. Kh3 Re8 42. Ra8 Qf5+ 43. Kh2 Qf2+ 44. Kh3 Qf5+ 45. Kh2 Qf7 46. Qxc6 Qh5+
47. Kg2 Qf3+ 48. Kh2 Qe2+ 49. Kh3 Qh5+ 50. Kg2 Rxa8 51. Qxa8+ Qe8 52. Qb7 Qf7
53. c6 Qf3+ $11 1/2-1/2

[Event "290th YMCA Summer A"]
[Site "Warsaw"]
[Date "2024.07.12"]
[Round "2"]
[White "Malicki, Jan"]
[Black "Jaroszuk, Marcin"]
[Result "1/2-1/2"]
[WhiteElo "1863"]
[BlackElo "1747"]
[PlyCount "93"]
[EventDate "2024.07.02"]
[EventType "tourn"]
[EventRounds "2"]
[EventCountry "POL"]
[SourceDate "2024.07.02"]

1. d4 Nf6 2. c4 e6 3. Nf3 d5 4. g3 Be7 5. Bg2 O-O 6. O-O dxc4 7. Qa4 a6 8. Qxc4
b5 9. Qc2 Bb7 10. Bf4 Nc6 11. Rc1 Nxd4 12. Nxd4 Bxg2 13. Nxe6 fxe6 14. Kxg2 c5
15. e4 Ng4 16. Qe2 Nxf2 17. Qxf2 g5 18. Nc3 gxf4 19. gxf4 Bh4 20. Qe3 Qd4 21.
Qf3 Kh8 22. Rd1 Rg8+ 23. Kh1 Qf6 24. Rd7 Rad8 25. Rad1 Rxd7 26. Rxd7 Qg6 27.
Ne2 Bf6 28. b3 Bd4 29. Ng3 Qg4 30. Qxg4 Rxg4 31. Ne2 Be3 32. f5 exf5 33. exf5
Rg7 34. Rxg7 Kxg7 35. Kg2 Kf6 36. Kf3 Bd2 37. Ke4 c4 38. bxc4 bxc4 39. a4 a5
40. Nd4 h5 41. h3 Bb4 42. Nc6 Be1 43. Nd4 Bb4 44. Nc2 Bd2 45. Na3 c3 46. Nc2
Bh6 47. Nd4 $11 1/2-1/2

[Event "290th YMCA Summer A"]
[Site "Warsaw"]
[Date "2024.07.17"]
[Round "3"]
[White "Jaroszuk, Marcin"]
[Black "Korsun, Wadym"]
[Result "1/2-1/2"]
[WhiteElo "1747"]
[BlackElo "1781"]
[PlyCount "193"]
[EventDate "2024.07.02"]
[EventType "tourn"]
[EventRounds "2"]
[EventCountry "POL"]
[SourceDate "2024.07.02"]

1. d4 Nf6 2. c4 e6 3. Nf3 d5 4. Nc3 c6 5. e3 Nbd7 6. Qc2 Be7 7. Be2 O-O 8. O-O
b6 9. e4 dxe4 10. Nxe4 Bb7 11. Nxf6+ Nxf6 12. c5 Nd5 13. Bd3 h6 14. Bh7+ Kh8
15. Be4 bxc5 16. dxc5 Qa5 17. Bxd5 exd5 18. b4 Qc7 19. Bb2 Rfe8 20. Rfe1 a5 21.
Qd2 Kg8 22. a3 axb4 23. axb4 Bf8 24. Nd4 Qd7 25. Rxe8 Rxa1+ 26. Bxa1 Qxe8 27.
Bc3 Qe4 28. Qc2 Qxc2 29. Nxc2 Be7 30. Na1 Kf8 31. Nb3 g6 32. Be5 Ke8 33. Na5
Ba8 34. g4 Kd7 35. Kg2 Bd8 36. Nb3 Bb7 37. Kg3 Ba6 38. h4 Bd3 39. f4 Be4 40.
Bg7 h5 41. g5 Bc7 42. Nd4 Bd3 43. Kf3 Bb8 44. Ke3 Be4 45. Nb3 Bc7 46. Nd4 Bb8
47. Ne2 Bf5 48. Bf6 Bc7 49. Bg7 Be4 50. Bc3 Bf5 51. Nc1 Bc2 52. Ne2 Be4 53. Bd2
Bf5 54. Ng3 Bg4 55. Bc3 Ke6 56. Bb2 Bb8 57. Nf1 Bf5 58. Nd2 Bg4 59. Nb3 Kd7 60.
Nc1 Bf5 61. Bc3 Bc7 62. Nb3 Bg4 63. Nd2 Bb8 64. Bf6 Bc7 65. Bg7 Bb8 66. Nb3 Bc7
67. Bf6 Be6 68. Bg7 Bg4 69. Nd4 Bb8 70. Bh8 Bc7 71. Bf6 Bb8 72. Be5 Bxe5 73.
fxe5 Be6 74. Kd2 Kc7 75. Kc3 Bd7 76. Ne2 Be6 77. Nd4 Bd7 78. Kb3 Kb7 79. Ka4
Ka6 80. Kb3 Kb7 81. Ka3 Ka7 82. Kb2 Kb7 83. Kc3 Kc7 84. Nc2 Be6 85. b5 cxb5 86.
Nd4 Bd7 87. Kb4 Be8 88. Nxb5+ Bxb5 89. Kxb5 Kb7 90. c6+ Kc7 91. Kc5 d4 92. Kxd4
Kxc6 93. Ke4 Kd7 94. Kd5 Ke7 95. Kd4 Kd7 96. Kd5 Ke7 97. Kd4 1/2-1/2

[Event "290th YMCA Summer A"]
[Site "Warsaw"]
[Date "2024.07.18"]
[Round "3"]
[White "Flis, Piotr"]
[Black "Malicki, Jan"]
[Result "1-0"]
[WhiteElo "1941"]
[BlackElo "1863"]
[PlyCount "71"]
[EventDate "2024.07.02"]
[EventType "tourn"]
[EventRounds "2"]
[EventCountry "POL"]
[SourceDate "2024.07.02"]

1. d4 Nf6 2. c4 g6 3. Nc3 d5 4. e3 Bg7 5. cxd5 Nxd5 6. Nxd5 Qxd5 7. Ne2 O-O 8.
Nc3 Qd8 9. Be2 c5 10. d5 e6 11. e4 exd5 12. exd5 b6 13. O-O Bb7 14. Bf4 Bxc3
15. bxc3 Qxd5 16. Qxd5 Bxd5 17. Rfd1 Bb7 18. Bc4 Nc6 19. Rd7 Na5 20. Bh6 Nxc4
21. Bxf8 Bc6 22. Rc7 Kxf8 23. Rxc6 Rd8 24. Rc7 a5 25. Re1 Rd3 26. h4 Rxc3 27.
Ree7 Nd6 28. Red7 Ne8 29. Rxf7+ Kg8 30. Rce7 h5 31. Rf4 Rc1+ 32. Kh2 Ng7 33.
Rf6 Nf5 34. Rxg6+ Kf8 35. Ra7 Nd4 36. Rxb6 1-0

[Event "290th YMCA Summer A"]
[Site "Warsaw"]
[Date "2024.07.18"]
[Round "3"]
[White "Kania, Tomasz"]
[Black "Sternik, Piotr"]
[Result "1/2-1/2"]
[WhiteElo "1844"]
[BlackElo "1890"]
[PlyCount "43"]
[EventDate "2024.07.02"]
[EventType "tourn"]
[EventRounds "2"]
[EventCountry "POL"]
[SourceDate "2024.07.02"]

1. e4 c6 2. d4 d5 3. e5 Bf5 4. Nf3 e6 5. Be2 Nd7 6. O-O Ne7 7. Nbd2 Bg6 8. Nh4
Nf5 9. Nxg6 hxg6 10. Nf3 Be7 11. a4 c5 12. c4 Nb6 13. a5 Nxc4 14. Qa4+ Kf8 15.
b3 Nxd4 16. Nxd4 Nxe5 17. Nf3 Nxf3+ 18. Bxf3 Rh4 19. Qb5 Qc7 20. g3 Rb4 21. Qd3
a6 22. Rd1 $11 1/2-1/2

[Event "290th YMCA Summer A"]
[Site "Warsaw"]
[Date "2024.07.19"]
[Round "4"]
[White "Korsun, Wadym"]
[Black "Sternik, Piotr"]
[Result "0-1"]
[WhiteElo "1781"]
[BlackElo "1890"]
[PlyCount "66"]
[EventDate "2024.07.02"]
[EventType "tourn"]
[EventRounds "2"]
[EventCountry "POL"]
[SourceDate "2024.07.02"]

1. e4 c6 2. d4 d5 3. exd5 cxd5 4. Nf3 Nc6 5. Be2 Nf6 6. c3 g6 7. h3 Bg7 8. Bf4
Bf5 9. O-O O-O 10. Re1 Re8 11. Nbd2 h6 12. Bf1 g5 13. Bh2 e6 14. Rc1 Rc8 15. b4
Nd7 16. a4 g4 17. hxg4 Bxg4 18. Qb3 h5 19. Kh1 Qf6 20. Bg3 Qh6 21. Qb2 Bf6 22.
a5 h4 23. Bh2 Ne7 24. Bb5 Red8 25. Bxd7 Rxd7 26. Ne5 Bxe5 27. dxe5 Rdc7 28. b5
Nf5 29. c4 Kg7 30. c5 Ng3+ 31. Kg1 Ne2+ 32. Rxe2 Bxe2 33. Re1 Bxb5 0-1

[Event "290th YMCA Summer A"]
[Site "Warsaw"]
[Date "2024.07.19"]
[Round "4"]
[White "Malicki, Jan"]
[Black "Kania, Tomasz"]
[Result "1-0"]
[WhiteElo "1863"]
[BlackElo "1844"]
[PlyCount "111"]
[EventDate "2024.07.02"]
[EventType "tourn"]
[EventRounds "2"]
[EventCountry "POL"]
[SourceDate "2024.07.02"]

1. d4 Nf6 2. c4 e6 3. Nf3 b6 4. g3 Ba6 5. Nbd2 d5 6. Bg2 Be7 7. O-O O-O 8. b3
Nbd7 9. Bb2 Bb7 10. Rc1 Rc8 11. Qc2 c5 12. Qb1 Re8 13. Rfd1 Rc7 14. cxd5 exd5
15. Nf1 Qc8 16. Ne3 c4 17. bxc4 dxc4 18. d5 c3 19. Ba1 c2 20. Rxc2 Rxc2 21.
Qxc2 Qxc2 22. Nxc2 Bxd5 23. Ne5 Nxe5 24. Bxd5 Nxd5 25. Rxd5 Bf6 26. Bxe5 Rxe5
27. Rxe5 Bxe5 28. f4 Bc3 29. Kf2 Kf8 30. Ke3 Ke7 31. Kd3 Bb2 32. Kc4 Kd6 33. e4
a6 34. a4 b5+ 35. axb5 axb5+ 36. Kxb5 f6 37. Kc4 g5 38. Nd4 gxf4 39. gxf4 Bc1
40. Ne2 Bd2 41. Kd3 Be1 42. Ke3 Ke6 43. Kf3 Kf7 44. Kg4 Kg6 45. Ng3 Bc3 46. h4
h6 47. h5+ Kg7 48. Nf5+ Kh7 49. Ne7 Kg7 50. Kf5 Bd2 51. Ke6 Bc3 52. Nf5+ Kh7
53. Nd6 Bd2 54. f5 Bc3 55. Kf7 Be5 56. Ne8 1-0

[Event "290th YMCA Summer A"]
[Site "Warsaw"]
[Date "2024.07.19"]
[Round "4"]
[White "Jaroszuk, Marcin"]
[Black "Flis, Piotr"]
[Result "1/2-1/2"]
[WhiteElo "1747"]
[BlackElo "1941"]
[PlyCount "98"]
[EventDate "2024.07.02"]
[EventType "tourn"]
[EventRounds "2"]
[EventCountry "POL"]
[SourceDate "2024.07.02"]

1. f4 Nh6 2. Nf3 d5 3. e3 g6 4. Be2 Bg7 5. O-O O-O 6. d3 b6 7. e4 Bb7 8. e5 c5
9. d4 Nc6 10. c3 e6 11. Qe1 Rc8 12. Na3 a6 13. Nc2 cxd4 14. Ncxd4 Qe7 15. Bd3
Nf5 16. Nxc6 Rxc6 17. g4 Nh6 18. h3 Kh8 19. Nd4 Rcc8 20. Qe2 Ra8 21. Rf2 Ng8
22. g5 Rfc8 $11 23. Be3 Qc7 24. h4 Ne7 25. h5 Kg8 26. h6 Bf8 27. Re1 Nc6 28.
Nf3 Bc5 29. Bd4 Bxd4 30. cxd4 Nb4 31. Bb1 Qc4 32. a3 Qxe2 33. Rfxe2 Nc6 34. Rc1
$11 Kf8 35. b4 Ke7 36. Rec2 Kd7 37. Kf2 Ne7 38. Rxc8 Nxc8 39. Nh2 Bc6 40. Ng4
Ne7 41. Nf6+ Kc7 42. Ke3 Rh8 43. Bd3 b5 44. a4 Kb6 $11 45. axb5 axb5 46. Ra1
Ng8 47. Ng4 Ne7 48. Nf6 Ng8 49. Ng4 Ne7 1/2-1/2

[Event "290th YMCA Summer A"]
[Site "Warsaw"]
[Date "2024.07.24"]
[Round "5"]
[White "Flis, Piotr"]
[Black "Korsun, Wadym"]
[Result "1-0"]
[WhiteElo "1941"]
[BlackElo "1781"]
[PlyCount "73"]
[EventDate "2024.07.02"]
[EventType "tourn"]
[EventRounds "2"]
[EventCountry "POL"]
[SourceDate "2024.07.02"]

1. d4 Nf6 2. c4 e6 3. Nc3 d5 4. Bg5 Be7 5. e3 Nbd7 6. Nf3 c6 7. Rc1 O-O 8. Bd3
b6 9. cxd5 exd5 10. O-O Bb7 11. Qc2 h6 12. Bh4 Re8 13. Rfd1 Ne4 14. Bxe7 Qxe7
15. Ne2 Rac8 16. Ng3 c5 17. dxc5 bxc5 18. Bb5 Rc7 19. Nxe4 dxe4 20. Nd4 Rd8 21.
Bxd7 Rdxd7 22. Nb5 Rxd1+ 23. Rxd1 Rc6 24. Qd2 Ba6 25. Nc3 Bd3 26. Nd5 Qd7 27.
Nf4 c4 28. Qc3 Qg4 29. Rd2 Ra6 30. h3 Qf5 31. b3 cxb3 32. axb3 Rd6 33. f3 Qd7
34. Qe5 f6 35. Qc5 Kh7 36. fxe4 Rc6 37. Rxd3 1-0

[Event "290th YMCA Summer A"]
[Site "Warsaw"]
[Date "2024.07.24"]
[Round "5"]
[White "Kania, Tomasz"]
[Black "Jaroszuk, Marcin"]
[Result "1/2-1/2"]
[WhiteElo "1844"]
[BlackElo "1747"]
[PlyCount "65"]
[EventDate "2024.07.02"]
[EventType "tourn"]
[EventRounds "2"]
[EventCountry "POL"]
[SourceDate "2024.07.02"]

1. e4 e5 2. Nf3 Nc6 3. Bc4 Nf6 4. Ng5 d5 5. exd5 b5 6. Bf1 Nd4 7. c3 Nxd5 8.
cxd4 Qxg5 9. Bxb5+ Kd8 10. O-O Bb7 11. Qf3 exd4 12. d3 Qh4 13. Bc4 Bd6 14. g3
Qf6 15. Qxf6+ $11 gxf6 16. Na3 a6 17. Nc2 c5 18. Bd2 Kd7 19. Rfe1 Rae8 20. Rab1
Rxe1+ 21. Rxe1 Re8 22. Rxe8 Kxe8 23. a3 Nb6 24. Bb3 Bd5 25. Bxd5 Nxd5 26. Kf1
f5 27. Ke2 f4 28. Kf3 fxg3 29. hxg3 f5 30. a4 Kf7 31. Na3 Ke6 32. Nc4 Bc7 33.
Kg2 $11 1/2-1/2

[Event "290th YMCA Summer A"]
[Site "Warsaw"]
[Date "2024.07.24"]
[Round "5"]
[White "Sternik, Piotr"]
[Black "Malicki, Jan"]
[Result "1/2-1/2"]
[WhiteElo "1890"]
[BlackElo "1863"]
[PlyCount "41"]
[EventDate "2024.07.02"]
[EventType "tourn"]
[EventRounds "2"]
[EventCountry "POL"]
[SourceDate "2024.07.02"]

1. d4 Nf6 2. c4 g6 3. Nc3 d5 4. Qb3 dxc4 5. Qxc4 Be6 6. Qd3 Nc6 7. Nf3 Na5 8.
Ne5 Bg7 9. e4 O-O 10. Be2 c5 11. d5 Bc8 12. Nc4 Nxc4 13. Qxc4 b6 14. O-O e6 15.
Bf4 exd5 16. exd5 Bb7 17. Rad1 Qd7 18. Bf3 Rfe8 19. a4 Rad8 20. h3 Qf5 21. Rfe1
$11 1/2-1/2

[Event "290th YMCA Summer A"]
[Site "Warsaw"]
[Date "2024.07.26"]
[Round "6"]
[White "Korsun, Wadym"]
[Black "Malicki, Jan"]
[Result "1-0"]
[WhiteElo "1781"]
[BlackElo "1863"]
[PlyCount "107"]
[EventDate "2024.07.02"]
[EventType "tourn"]
[EventRounds "2"]
[EventCountry "POL"]
[SourceDate "2024.07.02"]

1. e4 c5 2. Nf3 d6 3. d4 cxd4 4. Nxd4 Nf6 5. Nc3 a6 6. Be2 e6 7. Be3 Be7 8. Qd2
O-O 9. O-O Qc7 10. f4 b5 11. Bf3 Bb7 12. a3 Nbd7 13. Rae1 Rac8 14. Bf2 Nb6 15.
e5 dxe5 16. fxe5 Nfd5 17. Nxd5 Bxd5 18. Bxd5 Nxd5 19. Re4 Rfd8 20. c3 h6 21.
Qe2 Bc5 22. Bh4 Re8 23. Qg4 Ne7 24. Bf6 Ng6 25. h4 gxf6 26. Rxf6 Bxd4+ 27. cxd4
Qc1+ 28. Rf1 Qxb2 29. h5 Rc1 30. hxg6 Rxf1+ 31. Kxf1 Qc1+ 32. Kf2 Qd2+ 33. Kg1
Qg5 34. gxf7+ Kxf7 35. Rf4+ Kg7 36. Qf3 Kh8 37. Rg4 Qf5 38. Qxf5 exf5 39. Rg6
Ra8 40. e6 Kh7 41. Rg3 f4 42. Rg4 a5 43. d5 b4 44. axb4 a4 45. Rxf4 a3 46. Rf1
a2 47. Ra1 Kg6 48. d6 Kf6 49. e7 Kf7 50. b5 Ke8 51. b6 Kd7 52. b7 Rb8 53. Rxa2
Rxb7 54. Ra8 1-0

[Event "290th YMCA Summer A"]
[Site "Warsaw"]
[Date "2024.07.26"]
[Round "6"]
[White "Sternik, Piotr"]
[Black "Jaroszuk, Marcin"]
[Result "1-0"]
[WhiteElo "1890"]
[BlackElo "1747"]
[PlyCount "85"]
[EventDate "2024.07.02"]
[EventType "tourn"]
[EventRounds "2"]
[EventCountry "POL"]
[SourceDate "2024.07.02"]

1. d4 Nf6 2. Bg5 Ne4 3. h4 c5 4. d5 d6 5. Nd2 Qa5 6. c3 Nxd2 7. Qxd2 Nd7 8. e4
Nf6 9. f3 Bd7 10. Ne2 h6 11. Bf4 g6 12. g4 Qc7 13. Ng3 e5 14. dxe6 Bxe6 15.
Bb5+ Bd7 16. Bxd7+ Nxd7 17. O-O-O Ne5 18. Bxe5 dxe5 19. c4 Be7 20. Qc3 Rd8 21.
Rd5 Rxd5 22. exd5 O-O 23. h5 Kg7 24. Re1 Bg5+ 25. Kb1 Bf4 26. Ne2 Bg5 27. Rd1
Bf6 28. Qc2 Be7 29. Nc3 a6 30. Ne4 Bd6 31. Qc3 f5 32. gxf5 Rxf5 33. hxg6 Qd8
34. Ng3 Qg5 35. Nxf5+ Qxf5+ 36. Ka1 Qf4 37. a3 Qf6 38. Qe3 Qf8 39. Rh1 Qf4 40.
Qxf4 exf4 41. Re1 h5 42. Re6 Bc7 43. Re7+ 1-0

[Event "290th YMCA Summer A"]
[Site "Warsaw"]
[Date "2024.07.26"]
[Round "6"]
[White "Kania, Tomasz"]
[Black "Flis, Piotr"]
[Result "0-1"]
[WhiteElo "1844"]
[BlackElo "1941"]
[PlyCount "98"]
[EventDate "2024.07.02"]
[EventType "tourn"]
[EventRounds "2"]
[EventCountry "POL"]
[SourceDate "2024.07.02"]

1. Nf3 Nf6 2. g3 d5 3. Bg2 c6 4. O-O Bf5 5. c4 e6 6. Qb3 Qb6 7. d3 h6 8. Be3
Qa6 9. Nc3 Nbd7 10. cxd5 exd5 11. a4 Bd6 12. Rfc1 O-O 13. a5 Ng4 14. Bd2 Rfe8
15. h3 Ngf6 16. Bf1 Nc5 17. Qd1 b5 18. Na2 Qc8 19. Kh2 Ne6 20. Nc3 Qd7 21. d4
Ng5 22. Nxg5 hxg5 23. Bxg5 b4 24. Na4 Ne4 25. Bf4 Bxf4 26. gxf4 Nxf2 27. Qb3
Nxh3 28. Qg3 Qd6 29. e3 Re6 30. Bxh3 Bxh3 31. Rg1 Rg6 32. Qxh3 Rh6 33. Rg3
Rxh3+ 34. Rxh3 Qg6 35. Rh1 Re8 36. Nc5 Qc2+ 37. Kg1 Qd1+ 38. Kf2 Qd2+ 39. Kf1
f6 40. R1h2 Qc1+ 41. Kf2 Qxb2+ 42. Kf3 Qa1 43. Rh8+ Kf7 44. Rxe8 Kxe8 45. Rh8+
Kf7 46. a6 b3 47. Rb8 b2 48. Rb7+ Kg6 49. f5+ Kxf5 0-1

[Event "290th YMCA Summer A"]
[Site "Warsaw"]
[Date "2024.07.31"]
[Round "7"]
[White "Kania, Tomasz"]
[Black "Korsun, Wadym"]
[Result "1/2-1/2"]
[WhiteElo "1844"]
[BlackElo "1781"]
[PlyCount "59"]
[EventDate "2024.07.02"]
[EventType "tourn"]
[EventRounds "2"]
[EventCountry "POL"]
[SourceDate "2024.07.02"]

1. Nf3 d5 2. g3 Nf6 3. Bg2 c6 4. c4 Bf5 5. Qb3 Qb6 6. d3 Nbd7 7. Be3 dxc4 8.
dxc4 Qc7 9. Nc3 e6 10. O-O Be7 11. Nh4 O-O 12. Nxf5 exf5 13. Qc2 g6 14. Rfd1
Rad8 15. Bf4 Qc8 16. a3 Rfe8 17. b4 Nf8 18. Be3 a6 19. Rxd8 Rxd8 20. Rb1 Ne6
21. Bb6 Rd7 22. e3 Ng4 23. Ne2 Bd8 24. Bd4 Be7 25. h3 Nf6 26. Bc3 Ne8 27. a4
Bf6 28. Rd1 Bxc3 29. Nxc3 Qd8 30. Rxd7 1/2-1/2

[Event "290th YMCA Summer A"]
[Site "Warsaw"]
[Date "2024.07.31"]
[Round "7"]
[White "Flis, Piotr"]
[Black "Sternik, Piotr"]
[Result "1-0"]
[WhiteElo "1941"]
[BlackElo "1890"]
[PlyCount "89"]
[EventDate "2024.07.02"]
[EventType "tourn"]
[EventRounds "2"]
[EventCountry "POL"]
[SourceDate "2024.07.02"]

1. c4 c6 2. d4 d5 3. cxd5 cxd5 4. Bf4 Nc6 5. e3 Nf6 6. Bb5 e6 7. Nc3 a6 8. Bd3
Bd6 9. Bxd6 Qxd6 10. Nf3 O-O 11. O-O e5 12. dxe5 Nxe5 13. Nxe5 Qxe5 14. Be2 b5
15. Bf3 Bb7 16. Rb1 Ne4 17. Ne2 Rac8 18. Nd4 f5 19. g3 Rc4 20. Bg2 b4 21. Re1
f4 22. gxf4 Qf6 23. Qe2 Rc7 24. Rbc1 Re7 25. Bxe4 Rxe4 26. Rc7 Qb6 27. Rec1
Qxd4 28. Rxb7 Qf6 29. Qh5 Re7 30. Qxd5+ Kh8 31. Rc6 Qh4 32. Rxe7 Qxe7 33. Qd6
Qf7 34. Rxa6 Qf5 35. Qd1 g5 36. Ra7 gxf4 37. Qd4+ Rf6 38. Ra8+ Kg7 39. Ra7+ Kh8
40. exf4 Qg6+ 41. Kf1 Qb1+ 42. Kg2 Qg6+ 43. Kf3 Kg8 44. Qd5+ Re6 45. Qg5 1-0

[Event "290th YMCA Summer A"]
[Site "Warsaw"]
[Date "2024.07.31"]
[Round "7"]
[White "Jaroszuk, Marcin"]
[Black "Malicki, Jan"]
[Result "0-1"]
[WhiteElo "1747"]
[BlackElo "1863"]
[PlyCount "58"]
[EventDate "2024.07.02"]
[EventType "tourn"]
[EventRounds "2"]
[EventCountry "POL"]
[SourceDate "2024.07.02"]

1. Nf3 Nf6 2. c4 g6 3. g3 Bg7 4. Bg2 O-O 5. O-O c5 6. Nc3 d5 7. cxd5 Nxd5 8. d4
Nc6 9. dxc5 Nxc3 10. bxc3 Qa5 11. Bb2 Qxc5 12. Nd4 Ne5 13. Qc2 Nc4 14. Rfd1 e5
15. Nb3 Qc7 16. Nd2 Bf5 17. e4 Bg4 18. Re1 Nxb2 19. Qxb2 Rac8 20. Rac1 Bh6 21.
h3 Be6 22. Red1 Rfd8 23. Bf1 Rd6 24. Kg2 Rcd8 25. Rc2 Qd7 26. Bb5 Bxh3+ 27. Kh2
Qg4 28. f3 Qh5 29. Be2 Bf1+ 0-1

[Event "290th YMCA Summer A"]
[Site "Warsaw"]
[Date "2024.08.02"]
[Round "8"]
[White "Korsun, Wadym"]
[Black "Jaroszuk, Marcin"]
[Result "1-0"]
[WhiteElo "1781"]
[BlackElo "1747"]
[PlyCount "109"]
[EventDate "2024.07.02"]
[EventType "tourn"]
[EventRounds "2"]
[EventCountry "POL"]
[SourceDate "2024.07.02"]

1. e4 e5 2. Nf3 Nc6 3. Bb5 a6 4. Ba4 d6 5. c3 f5 6. exf5 Bxf5 7. O-O Bd3 8. Re1
Be7 9. Re3 e4 10. Na3 Qd7 11. Ne1 b5 12. Bb3 Ne5 13. Nxd3 exd3 14. f4 Ng6 15.
Qf3 c6 16. Be6 Qc7 17. Rxd3 d5 18. Re3 Nxf4 19. Bxg8 Rxg8 20. d4 g5 21. Bd2
O-O-O 22. Nc2 Bd6 23. a4 g4 24. Qd1 Rdf8 25. Kh1 Qf7 26. g3 Nh3 27. Qe2 Nf2+
28. Kg2 Qh5 29. axb5 Qh3+ 30. Kg1 Ne4 31. Be1 Ng5 32. Qg2 axb5 33. Qxh3 Nxh3+
34. Kg2 Kb7 35. Re6 Bc7 36. Nb4 Re8 37. Nd3 Rxe6 38. Nc5+ Kb8 39. Nxe6 Bd6 40.
Bd2 Rg6 41. Nf4 Nxf4+ 42. Bxf4 Bxf4 43. gxf4 h5 44. Kg3 Rf6 45. Re1 Kc7 46. Re5
Rh6 47. Kh4 Rf6 48. f5 Rh6 49. Kg5 Rh8 50. f6 Rg8+ 51. Kh6 g3 52. hxg3 Rxg3 53.
f7 Rf3 54. Kg7 Rg3+ 55. Kf6 1-0

[Event "290th YMCA Summer A"]
[Site "Warsaw"]
[Date "2024.08.02"]
[Round "8"]
[White "Malicki, Jan"]
[Black "Flis, Piotr"]
[Result "0-1"]
[WhiteElo "1863"]
[BlackElo "1941"]
[PlyCount "58"]
[EventDate "2024.07.02"]
[EventType "tourn"]
[EventRounds "2"]
[EventCountry "POL"]
[SourceDate "2024.07.02"]

1. d4 e6 2. c4 Nf6 3. Nf3 d5 4. e3 c5 5. Nc3 Nc6 6. cxd5 exd5 7. Be2 Bd6 8. O-O
O-O 9. dxc5 Bxc5 10. Nd4 Ne5 11. Bd2 Qe7 12. Rc1 Rd8 13. Qc2 a6 14. Na4 Ba7 15.
Ba5 Re8 16. h3 Bxd4 17. exd4 Nc6 18. Bxa6 Rxa6 19. Rfe1 Be6 20. Bc3 Nb4 21.
Bxb4 Qxb4 22. Nc3 Qxd4 23. Rcd1 Qc5 24. Qd3 Qc4 25. f4 Qxd3 26. Rxd3 h5 27. Re5
g6 28. a3 Rc8 29. Kf2 Ne4+ 0-1

[Event "290th YMCA Summer A"]
[Site "Warsaw"]
[Date "2024.08.06"]
[Round "8"]
[White "Sternik, Piotr"]
[Black "Kania, Tomasz"]
[Result "1/2-1/2"]
[WhiteElo "1890"]
[BlackElo "1844"]
[PlyCount "47"]
[EventDate "2024.07.02"]
[EventType "tourn"]
[EventRounds "2"]
[EventCountry "POL"]
[SourceDate "2024.07.02"]

1. d4 Nf6 2. Bg5 d5 3. Bxf6 exf6 4. Nf3 Bd6 5. e3 c6 6. c4 dxc4 7. Bxc4 O-O 8.
O-O Nd7 9. e4 Nb6 10. Be2 Re8 11. Nc3 Be6 12. Qc2 Bc7 13. Rad1 Bg4 14. Nh4 Bxe2
15. Qxe2 g6 16. Qg4 Qc8 17. Qf3 Qe6 18. g3 Rad8 19. Ng2 Kg7 20. Rfe1 h5 21. d5
Qe5 22. Ne3 Qg5 23. h4 Qe5 24. Kg2 $11 1/2-1/2